Missing Word: Robin Williams (A-Z) Quiz Stats

 Plays Quiz Updated Sep 12, 2014

Challenge
Share
Tweet
Embed
Score 0/21 Timer 03:00
0 Plays Today
Hint Missing Word % Correct
_____ DoubtfireMrs.
98.3%
_____ Will HuntingGood
97.5%
Dead _____ Society Poets
96.2%
_____ Hour PhotoOne
94%
Good Morning, _____ Vietnam
93.6%
A.I. Artificial _____ Intelligence
91.3%
_____ MonthsNine
88.4%
Man of the _____ Year
88%
The Fisher _____ King
84.5%
_____ Dreams May ComeWhat
74%
_____ AgainDead
53.3%
Hint Missing Word % Correct
_____'s DayFather
52.5%
Deconstructing _____ Harry
50.9%
The Best of _____ Times
45%
The _____ of Baron MunchausenAdventures
43.4%
Death to _____ Smoochy
42.9%
August _____ Rush
40.4%
_____ Man Bicentennial
38.2%
_____ the LiarJakob
33.9%
The Final _____ Cut
13.2%
The Night _____ Listener
8.3%

Today's Daily Dose

You're not logged in!

Compare scores with friends on all Sporcle quizzes.
OR
Log In

You Might Also Like...

Show Comments

Extras

Top Quizzes Today


Score Distribution

Your Account Isn't Verified!

In order to create a playlist on Sporcle, you need to verify the email address you used during registration. Go to your Sporcle Settings to finish the process.

Report this User

Report this user for behavior that violates our Community Guidelines.

Details: